MARC details
| 000 -LEADER |
| fixed length control field |
00869nam a22001697a 4500 |
| 003 - CONTROL NUMBER IDENTIFIER |
| control field |
BDDh-ASL |
| 005 - DATE AND TIME OF LATEST TRANSACTION |
| control field |
20231015030454.0 |
| 008 - FIXED-LENGTH DATA ELEMENTS--GENERAL INFORMATION |
| fixed length control field |
210629s1984 bg ||||| |||| 00| 0 eng d |
| 040 ## - CATALOGING SOURCE |
| Original cataloging agency |
BDDh-ASL |
| Transcribing agency |
BDDh-ASL |
| 082 ## - DEWEY DECIMAL CLASSIFICATION NUMBER |
| Classification number |
302.2242 |
| Item number |
TEN |
| 110 1# - MAIN ENTRY--CORPORATE NAME |
| 9 (RLIN) |
3119 |
| Corporate name or jurisdiction name as entry element |
Ministry of Foreign Affairs |
| Subordinate unit |
Government of the People's Republic of Bangladesh |
| 245 00 - TITLE STATEMENT |
| Title |
Ten Years of Bangladesh in the United Nations: |
| Remainder of title |
Speeches of Heads of State Heads of Government and Foreign Ministers of Bangladesh at the UN General Assembly, 1974-1984 / |
| 260 ## - PUBLICATION, DISTRIBUTION, ETC. |
| Place of publication, distribution, etc. |
Dhaka: |
| Name of publisher, distributor, etc. |
Ministry of Foreign Affairs,Government of the People's Republic of Bangladesh, |
| Date of publication, distribution, etc. |
1984. |
| 300 ## - PHYSICAL DESCRIPTION |
| Extent |
123 p. : |
| Dimensions |
23 cm. |
| 650 #0 - SUBJECT ADDED ENTRY--TOPICAL TERM |
| Topical term or geographic name entry element |
Speeches, বক্তৃতা, Baktr̥tā, ভাষণ, বক্তৃতামালা, Baktr̥tāmālā, speech, address, lecture, oration, say, utterance |
| 9 (RLIN) |
4148 |
| 942 ## - ADDED ENTRY ELEMENTS (KOHA) |
| Source of classification or shelving scheme |
Dewey Decimal Classification |
| Koha item type |
Books |